Folk dances of India/ (Record no. 164257)

MARC details
000 -LEADER
fixed length control field 00505nam a2200181 4500
005 - DATE AND TIME OF LATEST TRANSACTION
control field 20190514171429.0
010 ## - LCCN (DPL NO)
LC control number ENG-125186
020 ## - INTERNATIONAL STANDARD BOOK NUMBER
Terms of availability 250.00
035 ## - SYSTEM CONTROL NUMBER
System control number EN-108718
037 ## - SOURCE OF ACQUISITION
Source of stock number/acquisition DBAD/PUB
082 ## - DEWEY DECIMAL CLASSIFICATION NUMBER
Classification number 793.319
100 ## - MAIN ENTRY--PERSONAL NAME
Personal name Sharma, Seema
245 ## - TITLE STATEMENT
Title Folk dances of India/
Statement of responsibility, etc by Seema Sharma
260 ## - PUBLICATION, DISTRIBUTION, ETC. (IMPRINT)
Place of publication, distribution, etc Delhi
Name of publisher, distributor, etc Seema Sharma
Date of publication, distribution, etc 2011
270 ## - ADDRESS
Address House No-29/32B, Gali No-12, Viswas Nagar
City Shahdara
Postal code 110032
300 ## - PHYSICAL DESCRIPTION
Extent 159p.
Dimensions 22cm(Hb)
942 ## - ADDED ENTRY ELEMENTS (KOHA)
Source of classification or shelving scheme Dewey Decimal Classification
Item type English Books
Classification part 793.319
Call number suffix SEE
Holdings
Withdrawn status Lost status Not for loan Collection code Home library Current library Date acquired Source of acquisition Cost, normal purchase price Full call number Barcode Copy number Cost, replacement price Koha item type
    Not For Loan Non-fiction D.B.Act.Division Central Library 14/05/2019 DBAD/PUB 250.00 793.319 SEE EN-108718 1 250.00 English Books

© Delhi Public Library
Hit Counter
free hit counter